| 000 | 00603nam a2200121Ia 4500 | ||
|---|---|---|---|
| 008 | 220620s9999||||xx |||||||||||||| ||und|| | ||
| 245 | 0 | _aConnecting Policy and Practice | |
| 546 | _aEnglish[eng] | ||
| 650 | _ateacher||education||student||professional||development||programmes||educators||learning||reflective||pre-service | ||
| 700 | _aKompf, Michael||Denicolo, Pam | ||
| 856 | _uhttps://library.oapen.org/bitstream/20.500.12657/24281/1/1005850.pdf||https://library.oapen.org/bitstream/20.500.12657/24281/1/1005850.pdf||https://library.oapen.org/bitstream/20.500.12657/24281/1/1005850.pdf | ||
| 942 | _cEB | ||
| 999 |
_c24794 _d24794 |
||